Statistics for Group of Things - Space

Click here to take the quiz!

General Stats

  • This quiz has been taken 40 times
  • The average score is 17 of 26

Answer Stats

Answer% Correct
Pluto
97%
Earth
95%
Mars
95%
Mercury
95%
Uranus
95%
Venus
95%
Saturn
92%
Jupiter
89%
Neptune
87%
The Moon
76%
Challenger
74%
Io
68%
Europa
61%
Ganymede
61%
Columbia
55%
Discovery
50%
Endeavour
50%
Ceres
45%
Callisto
39%
Enterprise
39%
Eris
39%
Atlantis
37%
Phobos
37%
Deimos
34%
Makemake
29%
Haumea
24%

Score Distribution

Percentile by Number Answered

Percent of People with Each Score

Your Score History

You have not taken this quiz